[Event "Grand Swiss "]
[Date "2025.09.08"]
[White "Bartel, Mateusz"]
[Black "Yuffa, Daniil"]
[WhiteElo "2581"]
[BlackElo "2648"]
[Round "4.4.36"]
[Result "1/2-1/2"]

1. e4 {[%clk 01:40:57] [%emt 00:00:02]} c5 {[%clk 01:40:45] [%emt 00:00:16]} 2.
Nf3 {[%clk 01:41:19] [%emt 00:00:07]} e6 {[%clk 01:40:59] [%emt 00:00:16]} 3. d4
{[%clk 01:41:42] [%emt 00:00:08]} cxd4 {[%clk 01:41:21] [%emt 00:00:08]} 4. Nxd4
{[%clk 01:42:06] [%emt 00:00:05]} Nc6 {[%clk 01:41:30] [%emt 00:00:21]} 5. Nc3
{[%clk 01:42:28] [%emt 00:00:08]} Nf6 {[%clk 01:41:49] [%emt 00:00:11]} 6. Qd3
{[%clk 01:40:12] [%emt 00:02:46]} Qc7 {[%clk 01:28:39] [%emt 00:13:40]} 7. Ndb5
{[%clk 01:39:54] [%emt 00:00:48]} Qb8 {[%clk 01:27:39] [%emt 00:01:31]} 8. Qg3
{[%clk 01:40:14] [%emt 00:00:09]} d6 {[%clk 01:23:20] [%emt 00:04:49]} 9. Be3
{[%clk 01:40:35] [%emt 00:00:09]} a6 {[%clk 01:19:54] [%emt 00:03:57]} 10. Nd4
{[%clk 01:40:43] [%emt 00:00:21]} e5 {[%clk 01:13:51] [%emt 00:06:33]} 11. Nf3
{[%clk 01:28:31] [%emt 00:12:43]} b5 {[%clk 01:07:46] [%emt 00:06:35]} 12. O-O-O
{[%clk 01:24:13] [%emt 00:04:48]} h6 {[%clk 01:07:07] [%emt 00:01:08]} 13. Nd2
{[%clk 01:14:10] [%emt 00:10:33]} Be6 {[%clk 00:59:50] [%emt 00:07:48]} 14. Be2
{[%clk 01:12:03] [%emt 00:02:36]} Qc7 {[%clk 00:59:31] [%emt 00:00:49]} 15. f4
{[%clk 01:10:22] [%emt 00:02:12]} Rc8 {[%clk 00:58:50] [%emt 00:01:11]} 16. Kb1
{[%clk 01:05:50] [%emt 00:05:01]} exf4 {[%clk 00:45:32] [%emt 00:13:49]} 17.
Bxf4 {[%clk 01:01:21] [%emt 00:04:59]} Ne5 {[%clk 00:44:10] [%emt 00:01:52]} 18.
Rhe1 {[%clk 00:51:32] [%emt 00:10:18]} Ng6 {[%clk 00:40:44] [%emt 00:03:56]} 19.
Nd5 {[%clk 00:42:48] [%emt 00:09:14]} Bxd5 {[%clk 00:27:03] [%emt 00:14:12]} 20.
exd5 {[%clk 00:42:12] [%emt 00:01:06]} Be7 {[%clk 00:26:27] [%emt 00:01:06]} 21.
Bd3 {[%clk 00:39:54] [%emt 00:02:48]} O-O {[%clk 00:23:43] [%emt 00:03:14]} 22.
Bxg6 {[%clk 00:34:23] [%emt 00:06:01]} fxg6 {[%clk 00:24:06] [%emt 00:00:07]}
23. Qxg6 {[%clk 00:34:46] [%emt 00:00:05]} Nxd5 {[%clk 00:23:20] [%emt
00:01:18]} 24. Bxh6 {[%clk 00:28:19] [%emt 00:06:56]} Bf6 {[%clk 00:23:03] [%emt
00:00:47]} 25. Qd3 {[%clk 00:22:28] [%emt 00:06:21]} Nb4 {[%clk 00:20:14] [%emt
00:03:20]} 26. Qb3+ {[%clk 00:22:36] [%emt 00:00:22]} Kh8 {[%clk 00:18:34] [%emt
00:02:10]} 27. Rc1 {[%clk 00:19:41] [%emt 00:03:24]} gxh6 {[%clk 00:06:36] [%emt
00:12:29]} 28. Qxb4 {[%clk 00:20:00] [%emt 00:00:10]} a5 {[%clk 00:06:54] [%emt
00:00:13]} 29. Qb3 {[%clk 00:17:24] [%emt 00:03:06]} a4 {[%clk 00:06:42] [%emt
00:00:41]} 30. Qb4 {[%clk 00:16:59] [%emt 00:00:55]} Qc5 {[%clk 00:06:20] [%emt
00:00:52]} 31. Qxc5 {[%clk 00:12:52] [%emt 00:04:38]} dxc5 {[%clk 00:06:47]
[%emt 00:00:03]} 32. Nf3 {[%clk 00:12:41] [%emt 00:00:40]} b4 {[%clk 00:06:02]
[%emt 00:01:15]} 33. c4 {[%clk 00:11:26] [%emt 00:01:45]} a3 {[%clk 00:03:31]
[%emt 00:03:01]} 34. bxa3 {[%clk 00:06:40] [%emt 00:05:17]} bxa3 {[%clk
00:03:53] [%emt 00:00:08]} 35. Kc2 {[%clk 00:05:52] [%emt 00:01:17]} Bb2 {[%clk
00:03:31] [%emt 00:00:52]} 36. Rcd1 {[%clk 00:06:14] [%emt 00:00:08]} Rf4 {[%clk
00:03:42] [%emt 00:00:19]} 37. Rd6 {[%clk 00:05:29] [%emt 00:01:15]} Rxc4+
{[%clk 00:03:18] [%emt 00:00:55]} 38. Kd3 {[%clk 00:05:26] [%emt 00:00:32]} Rg4
{[%clk 00:03:24] [%emt 00:00:24]} 39. g3 {[%clk 00:04:16] [%emt 00:01:41]} Bg7
{[%clk 00:03:25] [%emt 00:00:29]} 40. Ne5 {[%clk 00:02:52] [%emt 00:01:53]} Rb4
{[%clk 00:01:01] [%emt 00:02:54]} 41. Nc4 {[%clk 00:02:16] [%emt 00:01:07]} Rf8
{[%clk 00:46:35] [%emt 00:04:55]} 42. Re7 {[%clk 00:45:12] [%emt 00:07:34]} Rf3+
{[%clk 00:44:37] [%emt 00:02:28]} 43. Ke2 {[%clk 00:43:33] [%emt 00:02:09]} Rf6
{[%clk 00:43:39] [%emt 00:01:28]} 44. Rd8+ {[%clk 00:32:57] [%emt 00:11:06]} Rf8
{[%clk 00:43:09] [%emt 00:01:00]} 45. Rxf8+ {[%clk 00:31:54] [%emt 00:01:33]}
Bxf8 {[%clk 00:43:37] [%emt 00:00:02]} 46. Re4 {[%clk 00:30:10] [%emt 00:02:14]}
Rb2+ {[%clk 00:43:51] [%emt 00:00:16]} 47. Kd3 {[%clk 00:27:00] [%emt 00:03:40]}
Rxa2 {[%clk 00:43:52] [%emt 00:00:29]} 48. Re8 {[%clk 00:27:25] [%emt 00:00:05]}
Kg7 {[%clk 00:42:30] [%emt 00:01:52]} 49. Ra8 {[%clk 00:27:53] [%emt 00:00:02]}
Rxh2 {[%clk 00:42:42] [%emt 00:00:18]} 50. Rxa3 {[%clk 00:28:15] [%emt
00:00:08]} Rh1 {[%clk 00:41:42] [%emt 00:01:30]} 51. Ke4 {[%clk 00:26:46] [%emt
00:01:59]} Be7 {[%clk 00:38:02] [%emt 00:04:10]} 52. Ra7 {[%clk 00:26:33] [%emt
00:00:43]} Kf6 {[%clk 00:37:49] [%emt 00:00:43]} 53. Ne3 {[%clk 00:24:26] [%emt
00:02:37]} Ke6 {[%clk 00:35:28] [%emt 00:02:51]} 54. Ra6+ {[%clk 00:24:38] [%emt
00:00:18]} Bd6 {[%clk 00:33:09] [%emt 00:02:49]} 55. g4 {[%clk 00:24:24] [%emt
00:00:44]} Re1 {[%clk 00:32:15] [%emt 00:01:24]} 56. Kd3 {[%clk 00:23:57] [%emt
00:00:57]} Rg1 {[%clk 00:28:16] [%emt 00:04:29]} 57. Nf5 {[%clk 00:23:33] [%emt
00:00:54]} Ke5 {[%clk 00:26:40] [%emt 00:02:06]} 58. Nxh6 {[%clk 00:19:59] [%emt
00:04:03]} Kd5 {[%clk 00:26:25] [%emt 00:00:46]} 59. Nf5 {[%clk 00:20:27] [%emt
00:00:03]} c4+ {[%clk 00:26:05] [%emt 00:00:50]} 60. Ke2 {[%clk 00:20:55]} Bc5
{[%clk 00:21:33] [%emt 00:05:02]} 61. Ne3+ {[%clk 00:20:10] [%emt 00:01:15]}
Bxe3 {[%clk 00:21:46] [%emt 00:00:17]} 62. Kxe3 {[%clk 00:20:38] [%emt
00:00:02]} Rd1 {[%clk 00:19:50] [%emt 00:02:26]} 63. Ra5+ {[%clk 00:16:35] [%emt
00:04:32]} Kc6 {[%clk 00:18:12] [%emt 00:02:08]} 64. g5 {[%clk 00:16:56] [%emt
00:00:10]} Kb6 {[%clk 00:18:10] [%emt 00:00:33]} 65. Ra8 {[%clk 00:17:20] [%emt
00:00:06]} Rd7 {[%clk 00:16:20] [%emt 00:02:20]} 66. Rc8 {[%clk 00:17:25] [%emt
00:00:24]} Kb5 {[%clk 00:16:19] [%emt 00:00:31]} 67. Ke4 {[%emt 00:00:05]}
1/2-1/2

[Site "Europe Echecs"]

[Event "Grand Swiss "]
[Date "2025.09.08"]
[White "Theodorou, Nikolas"]
[Black "Nigmatov, Ortik"]
[WhiteElo "2646"]
[BlackElo "2488"]
[Round "4.4.37"]
[Result "1-0"]

1. d4 {[%clk 01:40:55] [%emt 00:00:04]} d5 {[%clk 01:40:46] [%emt 00:00:15]} 2.
Nf3 {[%clk 01:41:18] [%emt 00:00:08]} Nf6 {[%clk 01:40:58] [%emt 00:00:17]} 3.
g3 {[%clk 01:41:30] [%emt 00:00:18]} c5 {[%clk 01:37:49] [%emt 00:03:39]} 4. Bg2
{[%clk 01:41:48] [%emt 00:00:12]} cxd4 {[%clk 01:32:33] [%emt 00:05:45]} 5. O-O
{[%clk 01:41:54] [%emt 00:00:24]} h6 {[%clk 01:32:26] [%emt 00:00:37]} 6. Bf4
{[%clk 01:41:46] [%emt 00:00:38]} e6 {[%clk 01:28:43] [%emt 00:04:12]} 7. Nxd4
{[%clk 01:41:42] [%emt 00:00:35]} Nbd7 {[%clk 01:17:41] [%emt 00:11:32]} 8. Nf3
{[%clk 01:31:42] [%emt 00:10:30]} Be7 {[%clk 01:15:06] [%emt 00:03:05]} 9. c4
{[%clk 01:30:38] [%emt 00:01:34]} O-O {[%clk 01:10:36] [%emt 00:04:59]} 10. Nc3
{[%clk 01:12:18] [%emt 00:18:50]} Nb6 {[%clk 01:03:50] [%emt 00:07:16]} 11. cxd5
{[%clk 01:11:41] [%emt 00:01:07]} Nfxd5 {[%clk 01:01:30] [%emt 00:02:50]} 12.
Nxd5 {[%clk 01:09:26] [%emt 00:02:46]} Nxd5 {[%clk 01:01:52] [%emt 00:00:07]}
13. Be5 {[%clk 01:05:30] [%emt 00:04:26]} Bd7 {[%clk 00:32:01] [%emt 00:30:21]}
14. Rc1 {[%clk 00:55:57] [%emt 00:10:03]} Rc8 {[%clk 00:24:59] [%emt 00:07:32]}
15. Rxc8 {[%clk 00:41:37] [%emt 00:14:50]} Qxc8 {[%clk 00:23:53] [%emt
00:01:37]} 16. Qb1 {[%clk 00:40:53] [%emt 00:01:14]} Qc4 {[%clk 00:21:45] [%emt
00:02:37]} 17. e3 {[%clk 00:31:36] [%emt 00:09:48]} Rc8 {[%clk 00:20:54] [%emt
00:01:21]} 18. Bd4 {[%clk 00:32:01] [%emt 00:00:05]} Qc2 {[%clk 00:18:48] [%emt
00:02:36]} 19. Bxa7 {[%clk 00:26:23] [%emt 00:06:09]} Qxb1 {[%clk 00:11:57]
[%emt 00:07:20]} 20. Rxb1 {[%clk 00:26:50] [%emt 00:00:02]} Ra8 {[%clk 00:12:19]
[%emt 00:00:09]} 21. Bd4 {[%clk 00:27:17] [%emt 00:00:04]} Rxa2 {[%clk 00:12:38]
[%emt 00:00:11]} 22. Ne5 {[%clk 00:27:42] [%emt 00:00:04]} Be8 {[%clk 00:12:09]
[%emt 00:00:58]} 23. Rc1 {[%clk 00:27:29] [%emt 00:00:44]} f6 {[%clk 00:12:01]
[%emt 00:00:38]} 24. Nd3 {[%clk 00:22:33] [%emt 00:05:26]} Bc6 {[%clk 00:09:15]
[%emt 00:03:16]} 25. Nf4 {[%clk 00:15:45] [%emt 00:07:17]} Nxf4 {[%clk 00:09:26]
[%emt 00:00:19]} 26. gxf4 {[%clk 00:16:13] [%emt 00:00:02]} Bxg2 {[%clk
00:09:35] [%emt 00:00:22]} 27. Kxg2 {[%clk 00:16:40] [%emt 00:00:03]} Bd6 {[%clk
00:09:39] [%emt 00:00:25]} 28. Rc3 {[%clk 00:14:17] [%emt 00:02:54]} Ra4 {[%clk
00:09:22] [%emt 00:00:47]} 29. Rd3 {[%clk 00:14:45] [%emt 00:00:03]} Bf8 {[%clk
00:05:25] [%emt 00:04:26]} 30. Bc3 {[%clk 00:14:02] [%emt 00:01:12]} Ra6 {[%clk
00:04:42] [%emt 00:01:13]} 31. Rd7 {[%clk 00:12:10] [%emt 00:02:23]} Rb6 {[%clk
00:05:04] [%emt 00:00:08]} 32. Kf3 {[%clk 00:12:28] [%emt 00:00:12]} Rb5 {[%clk
00:04:17] [%emt 00:01:16]} 33. Ke4 {[%clk 00:11:27] [%emt 00:01:31]} Bb4 {[%clk
00:03:25] [%emt 00:01:22]} 34. Bd4 {[%clk 00:11:50] [%emt 00:00:07]} Bf8 {[%clk
00:01:59] [%emt 00:01:56]} 35. Kd3 {[%clk 00:11:15] [%emt 00:01:06]} Rb3+ {[%clk
00:01:30] [%emt 00:00:58]} 36. Bc3 {[%clk 00:09:18] [%emt 00:02:27]} Rb5 {[%clk
00:01:59]} 37. b4 {[%clk 00:08:01] [%emt 00:01:48]} Rb6 {[%clk 00:01:14] [%emt
00:01:15]} 38. Kc4 {[%clk 00:08:19] [%emt 00:00:12]} Rc6+ {[%clk 00:00:51] [%emt
00:00:53]} 39. Kb3 {[%clk 00:08:33] [%emt 00:00:15]} Rb6 {[%clk 00:00:39] [%emt
00:00:43]} 40. e4 {[%clk 00:04:12] [%emt 00:04:50]} h5 {[%clk 00:00:36] [%emt
00:00:32]} 41. f3 {[%clk 00:42:01] [%emt 00:12:41]} h4 {[%clk 00:39:59] [%emt
00:11:07]} 42. h3 {[%clk 00:41:30] [%emt 00:01:01]} Kh7 {[%clk 00:36:31] [%emt
00:03:57]} 43. Rd8 {[%clk 00:28:59] [%emt 00:13:02]} Kg8 {[%clk 00:24:28] [%emt
00:12:33]} 44. Rd7 {[%clk 00:18:29] [%emt 00:10:59]} Kh7 {[%clk 00:24:51] [%emt
00:00:06]} 45. e5 {[%clk 00:18:42] [%emt 00:00:18]} Kg6 {[%clk 00:23:27] [%emt
00:01:53]} 46. Rc7 {[%clk 00:18:38] [%emt 00:00:36]} fxe5 {[%clk 00:18:57] [%emt
00:04:59]} 47. fxe5 {[%clk 00:19:05] [%emt 00:00:03]} Kh7 {[%clk 00:15:02] [%emt
00:04:25]} 48. Rf7 {[%clk 00:18:07] [%emt 00:01:28]} Kg8 {[%clk 00:15:04] [%emt
00:00:26]} 49. Rd7 {[%clk 00:18:17] [%emt 00:00:22]} Kh7 {[%clk 00:14:58] [%emt
00:00:35]} 50. Be1 {[%clk 00:17:27] [%emt 00:01:20]} Kg8 {[%clk 00:13:35] [%emt
00:01:53]} 51. f4 {[%clk 00:16:36] [%emt 00:01:22]} Kh7 {[%clk 00:12:21] [%emt
00:01:43]} 52. Rf7 {[%clk 00:14:31] [%emt 00:02:34]} Kg8 {[%clk 00:12:38] [%emt
00:00:13]} 53. Rd7 {[%clk 00:14:56] [%emt 00:00:05]} Kh7 {[%clk 00:13:03] [%emt
00:00:05]} 54. Rd8 {[%clk 00:08:20] [%emt 00:07:06]} Kg8 {[%clk 00:12:57] [%emt
00:00:36]} 55. Kc4 {[%clk 00:08:23] [%emt 00:00:28]} Rc6+ {[%clk 00:10:12] [%emt
00:03:15]} 56. Kb5 {[%clk 00:08:46] [%emt 00:00:08]} Kf7 {[%clk 00:09:43] [%emt
00:00:58]} 57. Bxh4 {[%clk 00:08:15] [%emt 00:01:01]} Rc3 {[%clk 00:08:40] [%emt
00:01:33]} 58. Rd7+ {[%clk 00:06:01] [%emt 00:02:45]} Kg6 {[%clk 00:09:02] [%emt
00:00:08]} 59. Rxb7 {[%clk 00:05:13] [%emt 00:01:18]} Rxh3 {[%clk 00:09:05]
[%emt 00:00:26]} 60. Bg5 {[%clk 00:04:40] [%emt 00:01:03]} *

[Site "Europe Echecs"]

[Event "Grand Swiss "]
[Date "2025.09.08"]
[White "Vokhidov, Shamsiddin"]
[Black "Samunenkov, Ihor"]
[WhiteElo "2645"]
[BlackElo "2550"]
[Round "4.4.38"]
[Result "1/2-1/2"]

1. e4 {[%clk 01:40:57] [%emt 00:00:03]} e5 {[%clk 01:40:52] [%emt 00:00:09]} 2.
Nf3 {[%clk 01:40:20] [%emt 00:01:07]} Nf6 {[%clk 01:41:13] [%emt 00:00:09]} 3.
Nxe5 {[%clk 01:39:21] [%emt 00:01:30]} d6 {[%clk 01:41:35] [%emt 00:00:08]} 4.
Nf3 {[%clk 01:39:31] [%emt 00:00:20]} Nxe4 {[%clk 01:41:56] [%emt 00:00:10]} 5.
d4 {[%clk 01:39:27] [%emt 00:00:33]} d5 {[%clk 01:42:17] [%emt 00:00:10]} 6. Bd3
{[%clk 01:39:53] [%emt 00:00:04]} Be7 {[%clk 01:42:35] [%emt 00:00:12]} 7. O-O
{[%clk 01:39:15] [%emt 00:01:07]} Bf5 {[%clk 01:42:56] [%emt 00:00:09]} 8. Re1
{[%clk 01:32:39] [%emt 00:07:07]} O-O {[%clk 01:42:39] [%emt 00:00:47]} 9. Nbd2
{[%clk 01:28:38] [%emt 00:04:30]} Nd6 {[%clk 01:42:48] [%emt 00:00:21]} 10. Nf1
{[%clk 01:27:51] [%emt 00:01:17]} c6 {[%clk 01:42:46] [%emt 00:00:32]} 11. Bf4
{[%clk 01:27:05] [%emt 00:01:16]} Bxd3 {[%clk 01:41:51] [%emt 00:01:26]} 12.
Qxd3 {[%clk 01:27:32] [%emt 00:00:03]} Na6 {[%clk 01:41:52] [%emt 00:00:29]} 13.
b3 {[%clk 01:10:32] [%emt 00:17:30]} Nb4 {[%clk 01:14:40] [%emt 00:27:42]} 14.
Qe2 {[%clk 01:05:35] [%emt 00:05:28]} Ne4 {[%clk 01:06:19] [%emt 00:08:50]} 15.
a3 {[%clk 01:03:04] [%emt 00:03:03]} Na6 {[%clk 01:06:36] [%emt 00:00:12]} 16.
Ne5 {[%clk 00:50:00] [%emt 00:13:33]} Nc7 {[%clk 01:00:21] [%emt 00:06:45]} 17.
f3 {[%clk 00:49:55] [%emt 00:00:35]} Ne6 {[%clk 00:56:52] [%emt 00:03:59]} 18.
Be3 {[%clk 00:50:20] [%emt 00:00:04]} Nd6 {[%clk 00:54:29] [%emt 00:02:53]} 19.
Bf2 {[%clk 00:47:26] [%emt 00:03:24]} Nf4 {[%clk 00:52:25] [%emt 00:02:34]} 20.
Qd2 {[%clk 00:46:28] [%emt 00:01:29]} Bg5 {[%clk 00:52:31] [%emt 00:00:23]} 21.
Be3 {[%clk 00:45:22] [%emt 00:01:35]} Ne6 {[%clk 00:52:51] [%emt 00:00:10]} 22.
Ng3 {[%clk 00:43:28] [%emt 00:02:24]} Bxe3+ {[%clk 00:47:27] [%emt 00:05:54]}
23. Rxe3 {[%clk 00:43:49] [%emt 00:00:09]} Qb6 {[%clk 00:45:32] [%emt 00:02:25]}
24. Rd1 {[%clk 00:39:15] [%emt 00:05:04]} Rad8 {[%clk 00:43:36] [%emt 00:02:26]}
25. a4 {[%clk 00:31:58] [%emt 00:07:47]} Rfe8 {[%clk 00:38:58] [%emt 00:05:07]}
26. Re2 {[%clk 00:31:56] [%emt 00:00:33]} a5 {[%clk 00:31:58] [%emt 00:07:30]}
27. Ng4 {[%clk 00:27:19] [%emt 00:05:06]} Qb4 {[%clk 00:22:49] [%emt 00:09:39]}
28. Ree1 {[%clk 00:27:34] [%emt 00:00:16]} Qxd2 {[%clk 00:15:09] [%emt
00:08:11]} 29. Rxd2 {[%clk 00:27:53] [%emt 00:00:10]} f6 {[%clk 00:15:25] [%emt
00:00:13]} 30. Ne3 {[%clk 00:26:17] [%emt 00:02:07]} g6 {[%clk 00:14:12] [%emt
00:01:43]} 31. Kf2 {[%clk 00:25:39] [%emt 00:01:07]} Kf7 {[%clk 00:12:20] [%emt
00:02:23]} 32. Ne2 {[%clk 00:21:06] [%emt 00:05:02]} Re7 {[%clk 00:11:30] [%emt
00:01:19]} 33. c4 {[%clk 00:18:28] [%emt 00:03:09]} dxc4 {[%clk 00:10:55] [%emt
00:01:05]} 34. bxc4 {[%clk 00:15:39] [%emt 00:03:19]} Nf5 {[%clk 00:09:06] [%emt
00:02:18]} 35. Nxf5 {[%clk 00:15:10] [%emt 00:01:00]} gxf5 {[%clk 00:09:29]
[%emt 00:00:07]} 36. Red1 {[%clk 00:11:42] [%emt 00:03:57]} Red7 {[%clk
00:07:04] [%emt 00:02:55]} 37. d5 {[%clk 00:11:22] [%emt 00:00:51]} Nc5 {[%clk
00:07:28] [%emt 00:00:06]} 38. Nc3 {[%clk 00:11:46] [%emt 00:00:06]} Re7 {[%clk
00:07:19] [%emt 00:00:38]} 39. Rb1 {[%clk 00:10:48] [%emt 00:01:28]} Rde8 {[%clk
00:07:01] [%emt 00:00:49]} 40. Re2 {[%clk 00:03:57] [%emt 00:07:22]} Rxe2+
{[%clk 00:02:25] [%emt 00:05:06]} 41. Nxe2 {[%clk 00:04:23] [%emt 00:00:04]}
cxd5 {[%clk 00:02:23] [%emt 00:00:31]} 42. cxd5 {[%clk 00:04:50] [%emt
00:00:03]} Nd3+ {[%clk 00:02:44] [%emt 00:00:09]} 43. Kf1 {[%clk 00:05:16] [%emt
00:00:04]} Nb4 {[%clk 00:03:04] [%emt 00:00:10]} 44. Rd1 {[%clk 00:05:34] [%emt
00:00:12]} Ke7 {[%clk 00:40:26] [%emt 00:13:08]} 45. Ng3 {[%clk 00:53:15] [%emt
00:02:48]} Kd7 {[%clk 00:33:17] [%emt 00:07:40]} 46. f4 {[%clk 00:43:19] [%emt
00:10:26]} Re3 {[%clk 00:30:01] [%emt 00:03:45]} 47. Kf2 {[%clk 00:35:42] [%emt
00:08:07]} Ra3 {[%clk 00:23:26] [%emt 00:07:05]} 48. Nxf5 {[%clk 00:33:49] [%emt
00:02:24]} Rxa4 {[%clk 00:23:32] [%emt 00:00:24]} 49. Ne3 {[%clk 00:32:38] [%emt
00:01:41]} Ra3 {[%clk 00:17:44] [%emt 00:06:13]} 50. Ke2 {[%clk 00:29:54] [%emt
00:03:20]} b5 {[%clk 00:12:13] [%emt 00:05:57]} 51. Ng4 {[%clk 00:29:32] [%emt
00:00:56]} f5 {[%clk 00:11:25] [%emt 00:01:19]} 52. Ne5+ {[%clk 00:29:32] [%emt
00:00:29]} Kd6 {[%clk 00:11:47] [%emt 00:00:07]} 53. Nf7+ {[%clk 00:30:01] [%emt
00:00:02]} Ke7 {[%clk 00:11:47] [%emt 00:00:30]} 54. Ne5 {[%clk 00:30:25] [%emt
00:00:06]} Kd6 {[%clk 00:11:56] [%emt 00:00:21]} 55. Nf7+ {[%clk 00:30:50] [%emt
00:00:05]} Ke7 {[%clk 00:12:19] [%emt 00:00:07]} 56. Ne5 {[%clk 00:31:07] [%emt
00:00:13]} 1/2-1/2

[Site "Europe Echecs"]